Marine animals by picture - Littlest Pet Shop - Statistiques

Statistiques générales
  • Ce quiz a été pris 5 fois
  • Le résultat moyen est 10 sur 20
Statistiques - réponses
Par images Réponse % Correct
Beluga
80%
Crab
80%
Dolphin
80%
Octopus
80%
Turtle
80%
Whale
80%
Clownfish
60%
Narwhal
60%
Seahorse
60%
Shark
60%
Snail
60%
Betta
40%
Orca
40%
Walrus
40%
Goldfish
20%
Hermit crab
20%
Pufferfish
20%
Seal
20%
Surgeonfish
20%
Angelfish
0%
Aucun quiz correspondant
Distribution des résultats
% des personnes avec chaque résultat
Percentile par nombre de réponses
Votre historique - résultats
Vous n’avez pas pris ce quiz